Generazioni dei Pokémon - Quiz n°30 - Statistics

Statistiche generali
  • Questo quiz è stato fatto 3 volte
  • Il punteggio medio è 11 su 15
Statistiche sulle risposte
Hint Risposta % Corretto
Sinistcha Nona
100%
Blipbug Ottava
100%
Dracovish Ottava
100%
Aerodactyl Prima
100%
Litleo Sesta
100%
Tinkaton Nona
67%
Alakazam Prima
67%
Azelf Quarta
67%
Gastrodon Quarta
67%
Vanillite Quinta
67%
Raikou Seconda
67%
Igglybuff Seconda
67%
Ludicolo Terza
67%
Yanma Seconda
33%
Skitty Terza
33%
Nessun quiz corrispondente trovato
Distribuzione punteggi
Percentuale di utenti per punteggio
Percentile per numero di risposta
I tuoi punteggi nel tempo
Non hai fatto questo quiz